000 00802nam a2200253 a 4500
001 76822
003 BD-RjUL
005 20211209082907.0
008 200122s1924 ilua 000 1 eng
035 _a(BD-RjUL)77046
035 _a(OCoLC)2476237
040 _aDLC
_cCCC
_dCCC
_dDLC
_dBD-RjUL
_beng
041 _aeng
082 _223
_a813.5
_bRYD 1924
100 1 _aRyan, Marah Ellis,
_d1866-1934.
_9238091
245 1 4 _aThe dancer of Tuluum /
_cby Marah Ellis Ryan; illustrated by René Kinga, decorations by Kay Roberts.
260 _aChicago :
_bA. C. McClurg & Co.,
_c1924.
300 _a210 p.:
_billus.
_c20 cm.
504 _aBibliography: p. 209-210.
600 _aRyan, Marah Ellis,
_d1866-1934
_9238093
942 _2ddc
_cBK
999 _c76822
_d76822